The revelation of the seven seals by our precious brother William Marrion Branham; book 9. (Record no. 2059)

000 -LEADER
fixed length control field 00582nam a2200169 a 4500
001 - CONTROL NUMBER
control field :::00019020$&:&@@
003 - CONTROL NUMBER IDENTIFIER
control field OkBaRHE
005 - DATE AND TIME OF LATEST TRANSACTION
control field 20100327143332.0
008 - FIXED-LENGTH DATA ELEMENTS--GENERAL INFORMATION
fixed length control field s1967 j 000 0 eng u
040 ## - CATALOGING SOURCE
Transcribing agency
100 1# - MAIN ENTRY--PERSONAL NAME
Personal name Branham, William Marrion (1909-1965)
245 14 - TITLE STATEMENT
Title The revelation of the seven seals by our precious brother William Marrion Branham; book 9.
260 ## - PUBLICATION, DISTRIBUTION, ETC. (IMPRINT)
Place of publication, distribution, etc Tuscon, Arizona
Name of publisher, distributor, etc Spoken Word Publication
Date of publication, distribution, etc 1967
300 ## - PHYSICAL DESCRIPTION
Extent 68 p.
942 ## - ADDED ENTRY ELEMENTS (KOHA)
Source of classification or shelving scheme
Koha item type Books
Copies
Shelving location Source of classification or shelving scheme Current Location Price effective from Copy number Barcode Date last seen Full call number Lost status Date acquired Koha item type Permanent Location Collection code Not for loan Damaged status Withdrawn status
General Stacks RHEMA Bible Training College2010-04-141190202018-04-03BS 2825.4 .B7 2010-04-14BooksRHEMA Bible Training CollegeReference